Mensaje presidencial 1981

Sparad:
Bibliografiska uppgifter
Huvudupphovsman: Pinochet Ugarte, Augusto (1915-2006)
Materialtyp: Bok
Språk:spanska
Publicerad: Santiago Talleres Gráficos de Gendarmería de Chile 1982
Ämnen:
Taggar: Lägg till en tagg
Inga taggar, Lägg till första taggen!

MARC

LEADER 00000nam a2200000 a 4500
001 UCP2833
003 CL-VaPUC
008 990531e19820000CL |||||||||||||||||spa|d
082 0 4 |a 351.003  |b MEN  |2 21 
100 |a Pinochet Ugarte, Augusto,  |e 1915-2006  |9 374419 
245 1 0 |a Mensaje presidencial 1981 
300 |a 524 p 
942 |c BK 
945 |d 19990531 00:00:00  |a lriquelm 
260 |a Santiago  |b Talleres Gráficos de Gendarmería de Chile  |c 1982 
500 |a Mensaje presidencial 11 de septiembre 1981 - 11 de septiembre 1982: S.E. el Presidente de la República Capitán General don Augusto Pinochet Ugarte informa al país 
650 0 |a Política y gobierno  |9 255151 
650 0 |a Política económica   |9 255029 
650 7 |a MENSAJES PRESIDENCIALES  |2 CL-VaPUC  |9 256599 
651 7 |a CHILE  |2 CL-VaPUC  |9 429837 
583 |a last modification  |c 19990531 00:00:00  |k Rodrigo Vera 
999 |c 281303  |d 281301 
952 |0 0  |1 0  |4 0  |6 351_003000000000000_MEN_1982  |7 0  |8 X  |9 322009  |a BIBHIS  |b BIBHIS  |d 2019-11-20  |i 1360914  |o 351.003 MEN 1982  |p 1360914  |r 2024-01-30  |w 2019-11-20  |y BK_X  |k HIS